[Event "Werther Schloss op 24th"]
[Site "Werther"]
[Date "2018.03.24"]
[Round "5"]
[White "Bejaoui, Anis"]
[Black "Pfreundt, Jakob"]
[Result "1/2-1/2"]
[WhiteElo "2130"]
[BlackElo "2394"]
[PlyCount "213"]
[EventDate "2018.03.22"]
[EventType "swiss"]
[EventRounds "7"]
[EventCountry "GER"]
[SourceTitle "CBM 183 Extra"]
[Source "ChessBase"]
[SourceDate "2018.04.19"]
[SourceVersion "1"]
[SourceVersionDate "2018.04.19"]
[SourceQuality "1"]

1. e4 e5 2. Nf3 Nc6 3. Bb5 g6 4. Nc3 Bg7 5. d3 d6 6. Bg5 Nf6 7. Nd5 h6 8. Bxf6 Bxf6 9. Nxf6+ Qxf6 10. d4 Bd7 11. Bxc6 Bxc6 12. Qd3 0-0 13. d5 Bd7 14. h3 c6 15. 0-0-0 Rfd8 16. Qe3 Kg7 17. Kb1 cxd5 18. Rxd5 Bc6 19. Rdd1 Qe6 20. Rhe1 Rac8 21. g4 Re8 22. Nd2 Rcd8 23. f4 exf4 24. Qxf4 Qe5 25. Qf2 Qc5 26. Qf4 Qe5 27. Qf2 Qc5 28. Qf4 Qg5 29. Qf2 b6 30. b3 Qc5 31. Qf4 Qe5 32. Qf2 Qc5 33. Qf4 Qe5 34. Qf2 Re6 35. h4 Rde8 36. h5 Rf6 37. Qg1 Qc5 38. Qg3 Qe5 39. Qg1 b5 40. hxg6 fxg6 41. Qxa7+ Rf7 42. Qe3 Qc5 43. Qh3 Ra7 44. Rh1 Rh8 45. Qd3 Rha8 46. a4 bxa4 47. Rxh6 axb3 48. Nxb3 Qb4 49. Rxg6+ Kxg6 50. Qxd6+ Qxd6 51. Rxd6+ Kg5 52. Rxc6 Kxg4 53. e5 Rb8 54. Kc1 Kf5 55. e6 Ke5 56. Kd2 Kd5 57. Rc5+ Kxe6 58. Rh5 Rg7 59. Rh6+ Kf5 60. Rc6 Rg3 61. Rc5+ Ke4 62. Rc4+ Kd5 63. Rd4+ Ke5 64. Rh4 Rc8 65. Rh2 Kd5 66. Rh5+ Kc4 67. Rh4+ Kb5 68. Nd4+ Kb6 69. Rh6+ Kc5 70. Nb3+ Kb4 71. Rb6+ Ka3 72. Nd4 Rd8 73. c3 Rg2+ 74. Kd3 Ra8 75. Rb3+ Ka2 76. Rb7 Ra3 77. Nb5 Rb3 78. Kc4 Rg3 79. Kc5 Kb2 80. c4 Rg4 81. Rd7 Rh3 82. Rd4 Rg8 83. Rd2+ Kb3 84. Rd4 Rc8+ 85. Kb6 Rxc4 86. Rxc4 Kxc4 87. Nd6+ Kd5 88. Nb5 Rb3 89. Ka6 Kc5 90. Na7 Rb6+ 91. Ka5 Rh6 92. Nc8 Rg6 93. Na7 Rg7 94. Ka6 Rh7 95. Nc8 Rf7 96. Na7 Rc7 97. Nb5 Rc6+ 98. Ka5 Rc8 99. Na7 Rb8 100. Ka6 Rb6+ 101. Ka5 Rg6 102. Nc8 Rg7 103. Ka6 Rg8 104. Na7 Rg6+ 105. Kb7 Rg7+ 106. Ka6 Rxa7+ 107. Kxa7 1/2-1/2

[Event "Werther Schloss op 24th"]
[Site "Werther"]
[Date "2018.03.24"]
[Round "4"]
[White "Steffens, Olaf"]
[Black "Bejaoui, Anis"]
[Result "1-0"]
[WhiteElo "2252"]
[BlackElo "2130"]
[PlyCount "53"]
[EventDate "2018.03.22"]
[EventType "swiss"]
[EventRounds "7"]
[EventCountry "GER"]
[SourceTitle "CBM 183 Extra"]
[Source "ChessBase"]
[SourceDate "2018.04.19"]
[SourceVersion "1"]
[SourceVersionDate "2018.04.19"]
[SourceQuality "1"]

1. b4 e5 2. a3 a5 3. b5 d5 4. Bb2 Nd7 5. e3 Ngf6 6. c4 Bd6 7. Nf3 0-0 8. Nc3 c6 9. d4 exd4 10. Nxd4 Ne5 11. cxd5 cxd5 12. Be2 Re8 13. Qc2 Be6 14. 0-0 Rc8 15. Nf5 Bb8 16. Rad1 Qc7 17. f4 Nc4 18. Bxc4 Qxc4 19. Rf3 Ne4 20. Nxg7 Bg4 21. Nxe8 Bxf3 22. Rd4 Qc5 23. gxf3 Nxc3 24. Nf6+ Kg7 25. Nxd5 Kh6 26. Nf6 Bxf4 27. Qxh7+ 1-0

[Event "Werther Schloss op 24th"]
[Site "Werther"]
[Date "2018.03.23"]
[Round "3"]
[White "Bejaoui, Anis"]
[Black "Van Foreest, Machteld"]
[Result "1-0"]
[WhiteElo "2130"]
[BlackElo "1962"]
[PlyCount "95"]
[EventDate "2018.03.22"]
[EventType "swiss"]
[EventRounds "7"]
[EventCountry "GER"]
[SourceTitle "CBM 183 Extra"]
[Source "ChessBase"]
[SourceDate "2018.04.19"]
[SourceVersion "1"]
[SourceVersionDate "2018.04.19"]
[SourceQuality "1"]

1. e4 e5 2. Nf3 Nc6 3. Be2 Nf6 4. Nc3 Bb4 5. d3 d5 6. exd5 Nxd5 7. Bd2 0-0 8. Nxd5 Bxd2+ 9. Qxd2 Qxd5 10. c4 Qc5 11. a3 a5 12. Qe3 Nd4 13. Nxd4 exd4 14. Qd2 b6 15. 0-0 Bb7 16. Rfe1 Rfe8 17. Bf1 Qd6 18. Rxe8+ Rxe8 19. Re1 Rxe1 20. Qxe1 Qe6 21. Qd2 f6 22. b4 axb4 23. axb4 c5 24. b5 Qe8 25. Qa2 Qa8 26. Qe2 Kf7 27. Qh5+ Kg8 28. Qe2 Kf7 29. Qh5+ Kg8 30. Qf5 Qc8 31. Qf4 Ba8 32. Qd6 Qb7 33. Qe6+ Kf8 34. h4 h5 35. Qf5 Kf7 36. Qxh5+ Kg8 37. Qe8+ Kh7 38. h5 Qa7 39. Qg6+ Kh8 40. Qe8+ Kh7 41. Be2 Qa1+ 42. Kh2 Qe1 43. Qg6+ Kh8 44. h6 gxh6 45. Qxh6+ Kg8 46. Qg6+ Kh8 47. Qxf6+ Kh7 48. Bh5 1-0

[Event "Oberliga NRW 0607"]
[Site "Germany"]
[Date "2006.11.26"]
[Round "3.6"]
[White "Bejaoui, Anis"]
[Black "Wisskirchen, Andreas"]
[Result "0-1"]
[WhiteElo "2145"]
[BlackElo "2252"]
[PlyCount "62"]
[EventDate "2006.09.17"]
[EventType "team-tourn"]
[EventRounds "9"]
[EventCountry "GER"]
[SourceTitle "EXT 2008"]
[Source "ChessBase"]
[SourceDate "2007.11.25"]
[SourceVersion "1"]
[SourceVersionDate "2007.11.25"]
[SourceQuality "1"]
[WhiteTeam "Werther"]
[BlackTeam "Koeln SF"]
[WhiteTeamCountry "GER"]
[BlackTeamCountry "GER"]

1. e4 c5 2. Nf3 d6 3. d4 cxd4 4. Nxd4 Nf6 5. Nc3 g6 6. Be3 Bg7 7. Bc4 0-0 8. f3 Nc6 9. Qd2 Bd7 10. 0-0-0 Qa5 11. Kb1 Rfc8 12. Bb3 Ne5 13. h4 Nc4 14. Bxc4 Rxc4 15. h5 Rac8 16. hxg6 fxg6 17. Nb3 Qe5 18. Nd4 Qa5 19. Nb3 Qe5 20. Nd4 Qa5 21. g4 Rxc3 22. bxc3 Bxg4 23. Nb3 Qb5 24. fxg4 Nxe4 25. Qd3 Nxc3+ 26. Kc1 Nxa2+ 27. Kd2 Qb4+ 28. Ke2 Qxg4+ 29. Ke1 Nb4 30. Qe2 Nxc2+ 31. Kd2 Qb4+ 0-1

[Event "Oberliga NRW 0506"]
[Site "Germany"]
[Date "2006.05.07"]
[Round "9.8"]
[White "Karimi, Farhad"]
[Black "Bejaoui, Anis"]
[Result "1-0"]
[WhiteElo "2204"]
[BlackElo "2135"]
[PlyCount "69"]
[EventDate "2005.09.25"]
[EventType "team-tourn"]
[EventRounds "9"]
[EventCountry "GER"]
[SourceTitle "EXT 2007"]
[Source "ChessBase"]
[SourceDate "2006.11.23"]
[SourceVersion "1"]
[SourceVersionDate "2006.11.23"]
[SourceQuality "1"]
[WhiteTeam "Koeln SF"]
[BlackTeam "Werther"]
[WhiteTeamCountry "GER"]
[BlackTeamCountry "GER"]

1. e4 e5 2. Nf3 Nc6 3. Bb5 a6 4. Ba4 Nf6 5. 0-0 b5 6. Bb3 Be7 7. Re1 0-0 8. a4 Bb7 9. d3 d6 10. c3 Na5 11. Bc2 c5 12. Nbd2 Re8 13. Nf1 Bf8 14. Ng3 h6 15. h3 d5 16. Qe2 c4 17. Nd2 Qc7 18. exd5 Nxd5 19. Nde4 Nf4 20. Bxf4 exf4 21. Qg4 Re6 22. Nh5 Rg6 23. Qxf4 Qc6 24. axb5 axb5 25. d4 Qd5 26. Nhg3 Bd6 27. Qf3 Bxg3 28. fxg3 f5 29. Nc5 Qxf3 30. gxf3 Bd5 31. Kf2 Rf6 32. Re3 Rd6 33. Bxf5 Nb3 34. Rxa8+ Bxa8 35. Re8+ 1-0

[Event "Werther Schloss op-A 12th"]
[Site "Werther"]
[Date "2006.04.09"]
[Round "7"]
[White "Ivanov, Mikhail M"]
[Black "Bejaoui, Anis"]
[Result "1-0"]
[WhiteElo "2443"]
[BlackElo "2137"]
[PlyCount "88"]
[EventDate "2006.04.06"]
[EventType "swiss"]
[EventRounds "7"]
[EventCountry "GER"]
[SourceTitle "CBM 111 Extra"]
[Source "ChessBase"]
[SourceDate "2006.05.09"]
[SourceVersion "1"]
[SourceVersionDate "2006.05.09"]
[SourceQuality "1"]

1. d4 Nf6 2. c4 g6 3. Nd2 d5 4. cxd5 Qxd5 5. Ngf3 Bg7 6. e4 Qd8 7. Bc4 0-0 8. 0-0 Bg4 9. Qb3 Nc6 10. e5 Nh5 11. Qe3 Nb4 12. Qc3 Nd5 13. Qb3 Nb6 14. h3 Bc8 15. Ne4 Nxc4 16. Qxc4 Be6 17. Qe2 Bh8 18. Bh6 Re8 19. Rfd1 Bd5 20. Nc3 Ng7 21. Rac1 c6 22. b4 Rc8 23. a4 Nf5 24. Bf4 Qb6 25. Nxd5 cxd5 26. Qb2 e6 27. Rc5 Bg7 28. Rdc1 Rxc5 29. dxc5 Qa6 30. Qc2 Rc8 31. g4 Ne7 32. Bg5 Bf8 33. Nd4 h6 34. Bf6 b6 35. c6 b5 36. axb5 Qa3 37. Qc3 Qxc3 38. Rxc3 g5 39. Ra3 Rc7 40. Bxe7 Bxe7 41. Rxa7 Rxa7 42. b6 Ra1+ 43. Kg2 Bd8 44. b7 Bc7 1-0

[Event "Oberliga NRW 0506"]
[Site "Germany"]
[Date "2006.04.02"]
[Round "8.8"]
[White "Bejaoui, Anis"]
[Black "Kamp, Christoph"]
[Result "0-1"]
[WhiteElo "2135"]
[BlackElo "2299"]
[PlyCount "66"]
[EventDate "2005.09.25"]
[EventType "team-tourn"]
[EventRounds "9"]
[EventCountry "GER"]
[SourceTitle "EXT 2007"]
[Source "ChessBase"]
[SourceDate "2006.11.23"]
[SourceVersion "1"]
[SourceVersionDate "2006.11.23"]
[SourceQuality "1"]
[WhiteTeam "Werther"]
[BlackTeam "Muenster"]
[WhiteTeamCountry "GER"]
[BlackTeamCountry "GER"]

1. e4 e6 2. d4 d5 3. Nc3 Bb4 4. e5 c5 5. a3 Bxc3+ 6. bxc3 Ne7 7. Qg4 Qc7 8. Qxg7 Rg8 9. Qxh7 cxd4 10. Ne2 Nbc6 11. f4 Bd7 12. Qd3 dxc3 13. Rb1 0-0-0 14. Nd4 Nxd4 15. Qxd4 Kb8 16. Qf2 d4 17. Bd3 Bc6 18. Rg1 Qa5 19. g4 Qd5 20. Ke2 a5 21. a4 Qa2 22. Rb3 Bd5 23. Ra3 Qb1 24. h3 Nc6 25. Kd1 Nb4 26. Qe2 Na2 27. Rxa2 Qxa2 28. h4 Qxa4 29. g5 Qc6 30. Rg3 Qc5 31. f5 a4 32. g6 fxg6 33. Ke1 exf5 0-1

[Event "Oberliga NRW 0203 I"]
[Site "Germany"]
[Date "2003.01.21"]
[Round "5.4"]
[White "Bejaoui, Anis"]
[Black "Gikas, Andreas Basilius"]
[Result "1-0"]
[WhiteElo "2172"]
[BlackElo "2254"]
[PlyCount "78"]
[EventDate "2002.10.06"]
[EventType "team-tourn"]
[EventRounds "9"]
[EventCountry "GER"]
[SourceTitle "EXT 2004"]
[Source "ChessBase"]
[SourceDate "2003.11.25"]
[SourceVersion "1"]
[SourceVersionDate "2003.11.25"]
[SourceQuality "1"]
[WhiteTeam "Minden"]
[BlackTeam "Godesberg II"]
[WhiteTeamCountry "GER"]
[BlackTeamCountry "GER"]

1. e4 c5 2. Nf3 e6 3. d4 cxd4 4. Nxd4 Nf6 5. Nc3 d6 6. Bg5 Be7 7. Qd2 a6 8. 0-0-0 Qc7 9. Nb3 Nbd7 10. f4 b5 11. Qd4 Bb7 12. Bxf6 Bxf6 13. Qxd6 Qxd6 14. Rxd6 Be7 15. Rd4 Nc5 16. Na5 e5 17. fxe5 Bg5+ 18. Kb1 Be3 19. Rd1 Rd8 20. Rxd8+ Kxd8 21. b4 Bxe4 22. bxc5 Ba8 23. Nb3 Kc7 24. Bd3 Bxg2 25. Re1 Bf4 26. Rg1 Bxe5 27. Nxb5+ axb5 28. Rxg2 b4 29. Re2 f6 30. Na5 Rd8 31. h3 Rd5 32. Nc4 Rxc5 33. Nxe5 fxe5 34. Bxh7 Kd6 35. Kb2 Rc4 36. Re4 Rc3 37. Bf5 g6 38. Bg4 Kd5 39. Rxb4 Rg3 1-0

[Event "Tunis op 4th"]
[Site "Tunis"]
[Date "2000.11.17"]
[Round "2"]
[White "Bejaoui, Anis"]
[Black "Doghri, Nabil"]
[Result "0-1"]
[WhiteElo "2124"]
[BlackElo "2342"]
[PlyCount "72"]
[EventDate "2000.11.07"]
[EventType "swiss"]
[EventRounds "9"]
[EventCountry "TUN"]
[SourceTitle "CBM 079 Extra"]
[Source "ChessBase"]
[SourceDate "2001.01.11"]
[SourceVersion "2"]
[SourceVersionDate "2001.01.25"]
[SourceQuality "1"]

1. e4 c5 2. Nf3 Nc6 3. Nc3 e6 4. d4 cxd4 5. Nxd4 Qc7 6. Be2 Nf6 7. 0-0 Nxd4 8. Qxd4 Bc5 9. Qd3 h5 10. Qf3 d6 11. Qg3 Kf8 12. h4 Bd7 13. Bf4 e5 14. Bg5 Bc6 15. Qf3 Ng4 16. Bc4 g6 17. Be6 b5 18. Bd5 Kg7 19. Bxc6 Qxc6 20. Nd5 Rhf8 21. Bf6+ Nxf6 22. Qxf6+ Kh7 23. Qg5 Kg7 24. Qf6+ Kh7 25. Rad1 b4 26. Rd3 Rae8 27. Qg5 Re6 28. Nf6+ Rxf6 29. Qxf6 Qxe4 30. Rfd1 Qc4 31. R1d2 Qxa2 32. b3 Qb1+ 33. Kh2 Qe1 34. g4 hxg4 35. h5 Qe4 36. Rg3 gxh5 0-1

[Event "Arab-ch U20"]
[Site "Beirut"]
[Date "2000.??.??"]
[Round "5"]
[White "Al Sayed, Mohammed"]
[Black "Bejaoui, Anis"]
[Result "1-0"]
[WhiteElo "2270"]
[BlackElo "2124"]
[PlyCount "62"]
[EventDate "2000.??.??"]
[EventType "swiss"]
[EventRounds "9"]
[EventCountry "LBN"]
[SourceTitle "EXT 2001"]
[Source "ChessBase"]
[SourceDate "2000.11.22"]
[SourceVersion "1"]
[SourceVersionDate "2000.11.22"]
[SourceQuality "1"]

1. e4 e5 2. Nf3 Nc6 3. Bc4 Bc5 4. c3 Nf6 5. d3 d6 6. 0-0 0-0 7. Nbd2 a6 8. Bb3 Ba7 9. h3 Ne7 10. Re1 Ng6 11. Nf1 h6 12. Ng3 Nh7 13. d4 exd4 14. cxd4 Nh4 15. Be3 Qf6 16. Nxh4 Qxh4 17. Rc1 c6 18. d5 Bxe3 19. Rxe3 cxd5 20. Qxd5 Ng5 21. Nf5 Bxf5 22. Qxf5 Rae8 23. f3 h5 24. f4 Ne6 25. g3 Qd8 26. Qxh5 Qb6 27. Rcc3 Nc5 28. Kg2 Nxe4 29. Rxe4 Rxe4 30. Bxf7+ Rxf7 31. Rc8+ Rf8 1-0

[Event "Tunis op 4th"]
[Site "Tunis"]
[Date "2000.??.??"]
[Round "1"]
[White "Bejaoui, Anis"]
[Black "Kaabi, Mejdi"]
[Result "0-1"]
[WhiteElo "2124"]
[BlackElo "2380"]
[PlyCount "104"]
[EventDate "2000.11.07"]
[EventType "swiss"]
[EventRounds "9"]
[EventCountry "TUN"]
[SourceTitle "CBM 079 Extra"]
[Source "ChessBase"]
[SourceDate "2001.01.11"]
[SourceVersion "2"]
[SourceVersionDate "2001.01.25"]
[SourceQuality "1"]

1. e4 e5 2. Nf3 Nc6 3. Bb5 a6 4. Ba4 Nf6 5. 0-0 Be7 6. Re1 b5 7. Bb3 d6 8. c3 0-0 9. h3 Nb8 10. d3 Nbd7 11. Nbd2 Nc5 12. Bc2 Re8 13. Nf1 Bf8 14. Ng3 g6 15. d4 Ncd7 16. dxe5 dxe5 17. Bb3 c5 18. Be3 c4 19. Bc2 Bb7 20. Qc1 Nc5 21. Bh6 Bxh6 22. Qxh6 Qe7 23. Rad1 Qf8 24. Qe3 Rac8 25. Rd2 Rc6 26. Red1 a5 27. Nh4 Bc8 28. Nf3 b4 29. Ne2 Ba6 30. Ng3 Bb5 31. Ne1 h6 32. Nf3 Kh7 33. Nh4 Nd3 34. Bxd3 cxd3 35. cxb4 axb4 36. Nf3 Nd7 37. Ne1 Nc5 38. b3 Qd6 39. Kh2 Qf6 40. Kg1 Qf4 41. Nf3 Qxe3 42. fxe3 Kg7 43. Rf2 Nd7 44. Nd2 Rc2 45. Nc4 Rxf2 46. Kxf2 Bxc4 47. bxc4 Nc5 48. Rb1 Ra8 49. Rb2 Ra3 50. Kf3 Rc3 51. Rxb4 d2 52. Rb1 Rc1 0-1

[Event "Tunis op 4th"]
[Site "Tunis"]
[Date "2000.??.??"]
[Round "7"]
[White "Flear, Glenn C"]
[Black "Bejaoui, Anis"]
[Result "1-0"]
[WhiteElo "2480"]
[BlackElo "2124"]
[PlyCount "57"]
[EventDate "2000.11.07"]
[EventType "swiss"]
[EventRounds "9"]
[EventCountry "TUN"]
[SourceTitle "CBM 079 Extra"]
[Source "ChessBase"]
[SourceDate "2001.01.11"]
[SourceVersion "2"]
[SourceVersionDate "2001.01.25"]
[SourceQuality "1"]

1. d4 Nf6 2. c4 g6 3. Nc3 d5 4. Bf4 Bg7 5. Qb3 c5 6. cxd5 cxd4 7. Qa4+ Nfd7 8. Nb5 Na6 9. Rc1 0-0 10. Nc7 Ndc5 11. Rxc5 Nxc5 12. Qa3 Na6 13. Nxa8 Bf5 14. e4 dxe3 15. fxe3 Qxa8 16. Ne2 Qc8 17. Nc3 Nc5 18. Be2 Ne4 19. 0-0 Nxc3 20. bxc3 Qxc3 21. Qxe7 Rc8 22. d6 Qc2 23. Bf3 Qc3 24. Qxb7 Be5 25. Qxa7 Bxf4 26. exf4 Qd2 27. Rd1 Qxf4 28. Qe7 Bg4 29. d7 1-0

[Event "Arab-ch U20"]
[Site "Beirut"]
[Date "2000.??.??"]
[Round "2"]
[White "Ghonimy, Soltan"]
[Black "Bejaoui, Anis"]
[Result "1/2-1/2"]
[WhiteElo "2262"]
[BlackElo "2124"]
[PlyCount "73"]
[EventDate "2000.??.??"]
[EventType "swiss"]
[EventRounds "9"]
[EventCountry "LBN"]
[SourceTitle "EXT 2001"]
[Source "ChessBase"]
[SourceDate "2000.11.22"]
[SourceVersion "1"]
[SourceVersionDate "2000.11.22"]
[SourceQuality "1"]

1. d4 Nf6 2. Nc3 d5 3. Bg5 Bf5 4. Bxf6 exf6 5. e3 c6 6. Bd3 Bxd3 7. Qxd3 Bd6 8. Nf3 Nd7 9. e4 dxe4 10. Nxe4 Be7 11. 0-0 0-0 12. Rad1 Qc7 13. c4 Rad8 14. d5 Nc5 15. Nxc5 Bxc5 16. Nd2 cxd5 17. cxd5 Bd6 18. g3 Rfe8 19. Nc4 Qd7 20. Rfe1 Bc5 21. a3 a6 22. b4 Ba7 23. d6 Re6 24. Ne3 Bxe3 25. Rxe3 g6 26. Rxe6 Qxe6 27. Qd4 Rd7 28. Qc5 Kg7 29. Rd4 Qa2 30. Qc3 Qe6 31. Qd3 Qe5 32. Rd5 Qe6 33. Qd4 Qe2 34. Kg2 Qe6 35. h3 Qe2 36. Kg1 Qe6 37. Kh2 1/2-1/2

[Event "SVK-ch"]
[Site "Nove Zamky"]
[Date "1999.07.11"]
[Round "9"]
[White "Bejaoui, Anis"]
[Black "Lanc, Alois"]
[Result "0-1"]
[WhiteElo "2024"]
[BlackElo "2395"]
[PlyCount "74"]
[EventDate "1999.07.03"]
[EventType "swiss"]
[EventRounds "9"]
[EventCountry "SVK"]
[SourceTitle "EXT 2000"]
[Source "ChessBase"]
[SourceDate "1999.11.16"]
[SourceVersion "1"]
[SourceVersionDate "1999.11.16"]
[SourceQuality "1"]

1. e4 c5 2. Nf3 Nc6 3. d4 cxd4 4. Nxd4 Nf6 5. Nc3 d6 6. Bg5 e6 7. Qd2 h6 8. Bxf6 gxf6 9. 0-0-0 a6 10. f4 Qb6 11. Nb3 Bd7 12. Be2 h5 13. Kb1 0-0-0 14. Bf3 Kb8 15. Rhf1 Be7 16. h4 Rc8 17. Ne2 a5 18. Ng3 a4 19. Nd4 Na5 20. Qf2 Nc4 21. c3 f5 22. Qe2 Bxh4 23. Nh1 fxe4 24. Bxe4 a3 25. b3 f5 26. Bd3 Nb2 27. Rc1 Nxd3 28. Qxd3 Rhg8 29. g3 Bf6 30. Rfe1 Bxd4 31. cxd4 Rxc1+ 32. Rxc1 Bc6 33. Nf2 Qa5 34. Qe3 Qd5 35. Re1 Rg6 36. b4 Qg2 37. b5 Be4+ 0-1

[Event "SVK-ch"]
[Site "Nove Zamky"]
[Date "1999.07.08"]
[Round "6"]
[White "Kantorik, Marian"]
[Black "Bejaoui, Anis"]
[Result "1/2-1/2"]
[WhiteElo "2301"]
[BlackElo "2024"]
[PlyCount "69"]
[EventDate "1999.07.03"]
[EventType "swiss"]
[EventRounds "9"]
[EventCountry "SVK"]
[SourceTitle "EXT 2000"]
[Source "ChessBase"]
[SourceDate "1999.11.16"]
[SourceVersion "1"]
[SourceVersionDate "1999.11.16"]
[SourceQuality "1"]

1. d4 Nf6 2. c4 g6 3. Nc3 d5 4. cxd5 Nxd5 5. Na4 Bg7 6. e4 Nb6 7. Be3 0-0 8. Nf3 N8d7 9. Be2 c6 10. 0-0 Nxa4 11. Qxa4 Nf6 12. Qc2 Qa5 13. h3 Nd7 14. a3 e5 15. b4 Qd8 16. Bg5 Qe8 17. Rad1 exd4 18. Nxd4 Nf6 19. Bf3 Qe5 20. Bh4 Nh5 21. Rfe1 Re8 22. Nb3 Qf4 23. Bxh5 Qxh4 24. Bf3 Qf6 25. Nc5 Qc3 26. Qxc3 Bxc3 27. Re3 Be5 28. Nd7 Bxd7 29. Rxd7 b6 30. Bd1 Kf8 31. f4 Rad8 32. Red3 Rxd7 33. Rxd7 Bxf4 34. Rxa7 Rxe4 35. Bf3 1/2-1/2